000 00710nam a2200181Ia 4500
008 151018s9999 xx 000 0 und d
082 _bRBASDV63793
_a891.433
100 _aरवींद्रनाथ टागोर
245 _aरवींद्रनाथ की कहानियॉ
250 _b1
260 _bसस्ता साहित्य प्रकाशन
_c2011
300 _a241
600 _aरवींद्रनाथ टागोर
630 _aरवींद्रनाथ की कहानियॉ
700 _aरवींद्रनाथ टागोर
730 _aरवींद्रनाथ की कहानियॉ
942 _cBOOK
999 _c1056134
_d1056131